1391 1831 1727 1051 1208 1045 1695 1304 1572 1078 1687 1568 1006 1323 1457 1825 1110 1833 1198 1521 1494 1217 1534 1177 1789 1947 1157 1087 1326 1730 1566 1632 1209 1513 1350 1814 1599 1032 1553 1238 1466 1817 1700 1787 1314 1810 1069 1555 1907 1687 1101 1100 1531 1834 1342 1425 1256 1430 1145 1983 1733 1339 1234 1082 1963 1398 1268 1764 1631 1882 1669 1781 1548 1882 1428 1153 1657 1964 1386 1031 1814 1412 1928 1881 1774 1532 1069 1369 1523 1311 1115 1111 1957 1662 1120 1692 1123 1016 1281 BCNSPRNW ULIB Ver.6.0+V

เปลี่ยนเป็นภาษาไทย

Change to English
 แสดงรายละเอียดบรรณานุกรม
  กลับหน้าหลัก

Brief Record : Get Marc (ISO 2709) : E-mail record : QR code < ปิดหน้าต่าง
LEADER : 00000nam 2200000uu 4500
001    13399111226
003     ULIB
008    110620s2001||||th 000 0 eng d
020    0721728142
024    9780781728140
060 04 WY106^bH942c 2001
100 1   Hunt, Roberta
245 10 Community-based nursing /^cRoberta Hunt
250    2nd ed.
260    Philadelphia :^bLippincott ^c2001
300    xviii, 397 p. :^bill.
650  2 Community Health Nursing
650  2 Public Health Nursing
945    ^p1500^l0^i014737
995    kesorn
999 ^a ใช้งานได้ทุกระบบ
รายการนี้ยังไม่มีแท็ก
คุณยังไม่ได้ล็อกอิน คุณสามารถมีกิจกรรมร่วมกับเว็บไซต์ได้ แต่ต้องล็อกอินก่อน ::
  ล็อกอิน

รายการสื่อสารสนเทศ

ลำดับที่ ประเภท เลขเรียก/บาร์โค้ด สถานที่ สถานะ
- ไม่พบข้อมูล -

รายการใกล้เคียง
    ผู้แต่ง [Hunt, Roberta]

    หัวเรื่อง [Community Health Nursing]
    หัวเรื่อง [Public Health Nursing]

BibComment


ยังไม่เคยถูกคอมเมนท์

คอมเมนท์ทรัพยากรรายการนี้
  คอมเมนท์: Communitybased nu..


 Copyright 2026. Bcnsprnw @Library